Geography Quiz

Random Geography or World Quiz

Closest World Capitals Quiz Stats

 Plays Quiz Updated Nov 9, 2018

     
Support Sporcle.
Go Orange.
Score 0/16 Timer 06:00
1 Play Today
World Capital Closest World Capital % Correct
WashingtonOttawa, Canada
86.7%
LondonBrussels, Belgium
76%
CanberraWellington, New Zealand
66.4%
RomeVatican City, Vatican City
61.7%
QuitoBogotá, Colombia
59.1%
MoscowMinsk, Belarus
55.9%
BeijingPyongyang, North Korea
52%
BratislavaVienna, Austria
46.8%
World Capital Closest World Capital % Correct
SingaporeKuala Lumpur, Malaysia
44.2%
VaduzBern, Switerland
42.1%
San JoseManagua, Nicaragua
35.5%
MuscatAbu Dhabi, UAE
33.2%
HavanaNassau, Bahamas
30.6%
BakuTbilisi, Georgia
30%
MonroviaFreetown, Sierra Leone
25.5%
NouakchottDakar, Senegal
23.2%

From the Vault

100 Books, 100 Authors

by gvilleguy1124

If all these authors were to get in a royal rumble style fight, who would win?
Remove Ads.
Support Sporcle.
Get the best of Sporcle when you Go Orange. This ad-free experience offers more features, more stats, and more fun while also helping to support Sporcle. Thank you for becoming a member.

Show Comments

Extras

Top Quizzes Today


Score Distribution

Your Account Isn't Verified!

In order to create a playlist on Sporcle, you need to verify the email address you used during registration. Go to your Sporcle Settings to finish the process.

Report this User

Report this user for behavior that violates our Community Guidelines.

Details: